Architectural and perspective designs

Saved in:
Bibliographic Details
Main Author: Galli Bibiena, Giuseppe (Author)
Format: Book
Language:English
Published: Nueva York Dover 1964
Subjects:
Tags: Add Tag
No Tags, Be the first to tag this record!

MARC

LEADER 00000nam a2200000 a 4500
001 UCT2702
003 CL-VaPUC
008 961011e19640000US |||||||||||||||||eng|d
082 0 4 |a 724.19  |b GAL  |2 21 
100 0 |a Galli Bibiena, Giuseppe  |e author  |9 371690 
245 1 0 |a Architectural and perspective designs 
300 |a pag. irreg 
942 |c BK 
945 |d 19961011 00:00:00  |a nastorga 
260 |a Nueva York  |b Dover  |c 1964 
650 0 |a Arquitectura barroca   |9 266043 
650 0 |a Diseño arquitectónico   |9 265271 
650 0 |a Monumentos  |9 265246 
650 0 |a Edificios   |9 260501 
650 0 |a Ciudades  |9 265474 
650 0 |a Estructuras  |9 271908 
583 |a last modification  |c 19961011 00:00:00  |k Rodrigo Vera 
999 |c 252684  |d 252682 
952 |0 0  |1 0  |4 0  |6 724_190000000000000_GAL_1964  |7 0  |8 P  |9 272718  |a BIBARQ  |b BIBARQ  |d 2019-11-19  |i 3238059  |o 724.19 GAL 1964  |p 3238059  |r 2025-01-20  |w 2019-11-19  |y BK  |k ARQ